| 000 | 00761nam a22002055i 4500 | ||
|---|---|---|---|
| 001 | 170202 | ||
| 003 | ES-MaACL | ||
| 005 | 20250302001306.0 | ||
| 008 | 090211q1901 fr 000 d fre d | ||
| 080 | _a782.1 | ||
| 100 | 1 |
_aSardou, Victorien. _9103800 |
|
| 245 | 1 | 4 |
_aLes barbares : _btragédie lyrique en trois actes et un prologue / _cpoème de Victorien Sardou et P.-B. Gheusi ; musique de Camille Saint-Saëns. |
| 260 |
_aParis : _bCalmann Lévy, _c[ca. 1901] |
||
| 300 |
_aV, 39 p. ; _c19 cm. |
||
| 650 | 4 |
_aÓperas- _vLibretos. _9137584 |
|
| 700 | 1 |
_aGheusi, Pierre-Barthélemy. _9139877 |
|
| 700 | 0 |
_aSaint-Saëns, Camille, _d1835-1921 _9101553 |
|
| 852 | 4 |
_aES-MaACL _j2247-F-16 _z- Biblioteca Jacinto Martínez Lacalle |
|
| 999 |
_c170202 _d170202 |
||